000 00392cam a2200121 4500500
005 20260222011634.0
041 _afre
042 _adc
100 1 0 _aThayse, André
_eauthor
245 0 0 _aJean ultime Évangile : Un poème à la vérité
260 _bL'Harmattan,
_c2026.
856 4 1 _uhttps://shs.cairn.info/jean-ultime-evangile--9782336579382?lang=fr&redirect-ssocas=7080
999 _c1669875
_d1669875